| 000 | 01311nam a2200253Ia 4500 | ||
|---|---|---|---|
| 003 | Ost | ||
| 005 | 20260507075649.0 | ||
| 008 | 260507s9999||||xx |||||||||||||| ||und|| | ||
| 020 | _a2270287977 | ||
| 040 | _cfsecg | ||
| 041 | _aara | ||
| 082 | _a5.133 | ||
| 100 |
_aعزب، عزب محمد _eمؤلف |
||
| 245 | 0 |
_aالطريق الى احتراف لغة java / _c عزب محمد عزب |
|
| 260 |
_aالقاهرة: _bدار الكتب العلمية للنشر والتوزيع, _c2002 |
||
| 300 |
_a600 صفحة؛ _bإيضاحات ؛ _c24 سم |
||
| 520 | _aأساسيات البيانات في لغة الجافا- المصفوفات وجمل التحكم في مسار البرنامج وجمل التكرار- مفاهيم البرمجة بالاهداف- قواعد تواصل الفصائل- أدوات المكتبة- مدير التخطيط ومعالجة الحدث- استثناءات ومعالجتها- التدفق- المهام- الشبكات- لغة الإستعلامات- قواعد البيانات في الجافا- تطبيقات عملية. | ||
| 653 | _aالإعلام الألي | ||
| 653 | _aالبرمجيات | ||
| 653 | _aالحاسوب | ||
| 653 | _aلغات البرمجة- جافا | ||
| 700 |
_aماجد، مصطفى _eمؤلف ثانوي |
||
| 942 | _cكتاب | ||
| 999 |
_c45544 _d45544 |
||